书目信息 |
| 题名: |
林业企业会计
|
|
| 作者: | 李书昭 编著 | |
| 分册: | ||
| 出版信息: | 北京 中国林业出版社 1988 |
|
| 页数: | 157页 | |
| 开本: | 19cm | |
| 丛书名: | 林业经济管理丛书 | |
| 单 册: | ||
| 中图分类: | F307.226 | |
| 科图分类: | ||
| 主题词: | 林业--会计 | |
| 电子资源: | ||
| ISBN: | 7-5038-0291-X | |
| 000 | 00688nam2 2200253 450 | |
| 001 | 0100564544 | |
| 005 | 20100726101155.0 | |
| 010 | @a7-5038-0291-X@dCNY1.60 | |
| 011 | @a7-5038-0291-X | |
| 100 | @a20021005d1988 em y0chiy0110 ea | |
| 101 | 0 | @achi |
| 102 | @aCN@b110000 | |
| 105 | @ay z 000yy | |
| 106 | @ar | |
| 200 | 1 | @a林业企业会计@9Lin Ye Qi Ye Hui;Kuai Ji @f李书昭编著@b专著 |
| 210 | @a北京@c中国林业出版社@d1988 | |
| 215 | @a157页@d19cm | |
| 225 | 2 | @a林业经济管理丛书 |
| 410 | 0 | @12001 @a林业经济管理丛书 |
| 606 | 0 | @a林业@x会计 |
| 690 | @aF307.226@v3 | |
| 701 | 0 | @a李书昭@9li shu zhao@4编著 |
| 801 | 0 | @aCN@bAiZhiMarc |
| 905 | @aBZT@dF307.226@e1@f2@sF307.226/1 | |
| 林业企业会计/李书昭编著.-北京:中国林业出版社,1988 |
| 157页;19cm.-(林业经济管理丛书) |
| ISBN 7-5038-0291-X:CNY1.60 |
| ● |
| 相关链接 |
|
|
|
正题名:林业企业会计
索取号:F307.226/1
 
预约/预借
| 序号 | 登录号 | 条形码 | 馆藏地/架位号 | 状态 | 备注 |
| 1 | 2000109328 | 2000109328 | 旧书回溯/ [索取号:F307.226/1] | 在馆 | |
| 2 | 2000109329 | 2000109329 | 旧书回溯/ [索取号:F307.226/1] | 在馆 |